| 000 | 00421nam a2200181Ia 4500 | ||
|---|---|---|---|
| 005 | 20250603145703.0 | ||
| 008 | 250603s9999 xx 000 0 und d | ||
| 020 | _a9789784809955 | ||
| 050 | _aKP 132 .A2/ | ||
| 100 | _aAgbonika, John Alewo Musa. | ||
| 245 | 0 | _aSale of goods : commercial law | |
| 260 | _aIbadan | ||
| 260 | _bAbaba Press | ||
| 260 | _c2011 | ||
| 300 | _a172 p | ||
| 650 | _aIbadan | ||
| 942 | _cBK | ||
| 999 |
_c42556 _d42556 |
||